00623cam a22002291 4500001001300000003000400013005001700017008004100034010001700075025002000092035002000112040002100132042001200153050001800165100002600183245004200209260001100251300002700262500001600289600007100305999001700376sa 66006692 DLC20260227112258.0941024s1964 ii a 000 0 beno  asa 66006692  aPL480:EP-B-1034 a(OCoLC)31349477 aDLCcCUdCUdDLC apremarc00aBP80.A183bM61 aMoudud, Abdul,d1908-10aŚāh Ābadula Latipha Bhiṭāi. c[1964] a127 p.billus.c18 cm. aIn Bengali.00aʻAbd al-Laṭīf,cShah,dapproximately 1689-approximately 1752. c70657d70657